[Event "TCh-CHN Division A 2014"]
[Site "Taizhou CHN"]
[Date "2014.11.14"]
[Round "16.1"]
[Board "4"]
[White "Qiu, Mengjie"]
[Black "Zhao, Xue"]
[Result "0-1"]
[WhiteTitle "WFM"]
[BlackTitle "GM"]
[WhiteElo "2126"]
[BlackElo "2514"]
[WhiteTeam "Zhejiang"]
[BlackTeam "Beijing"]
[WhiteFideId "8606137"]
[BlackFideId "8601283"]
[EventDate "2014.04.12"]

1. e4 Nf6 2. e5 Nd5 3. d4 d6 4. Nf3 dxe5 5. Nxe5 c6 6. Be2 Nd7 7. c4 N5b6 8. Bf4
g6 9. Nc3 Bg7 10. O-O O-O 11. Qc1 Nxe5 12. dxe5 Be6 13. Ne4 Bxc4 14. Bxc4 Qd4
15. Nc5 Nxc4 16. Nb3 Qd5 17. Rd1 Qb5 18. Nd4 Qa6 19. Bh6 Bxh6 20. Qxh6 Nxe5 21.
Re1 Qa5 22. Qe3 Ng4 23. Qf4 e5 24. Qxg4 exd4 25. Qxd4 Rfe8 26. Rxe8+ Rxe8 27. h3
Rd8 28. Qf6 Rd7 29. Qf4 Kg7 30. a3 Qb5 31. b4 Qe2 32. a4 h6 33. Ra3 Qe1+ 34. Kh2
g5 35. Qg4 Rd2 36. Rf3 Qe5+ 37. g3 Rd4 38. Qh5 Qd5 39. b5 Rxa4 40. bxc6 bxc6 0-1

[Event "TCh-CHN Division A 2014"]
[Site "Taizhou CHN"]
[Date "2014.11.14"]
[Round "16.1"]
[Board "5"]
[White "Ding, Yixin"]
[Black "Wang, Jue"]
[Result "0-1"]
[WhiteTitle "WGM"]
[BlackTitle "WGM"]
[WhiteElo "2440"]
[BlackElo "2353"]
[WhiteTeam "Zhejiang"]
[BlackTeam "Beijing"]
[WhiteFideId "8602972"]
[BlackFideId "8604070"]
[EventDate "2014.04.12"]

1. e4 c5 2. Nf3 d6 3. d4 cxd4 4. Nxd4 Nf6 5. Nc3 a6 6. Be3 e5 7. Nf3 Be7 8. Bc4
O-O 9. O-O Qc7 10. Bb3 Be6 11. Qe2 Rc8 12. Rfd1 b5 13. Bg5 Nbd7 14. Rac1 b4 15.
Nd5 Bxd5 16. exd5 Nc5 17. c4 bxc3 18. bxc3 Nfe4 19. Bxe7 Qxe7 20. Bc2 f5 21. Qe3
Rab8 22. Rb1 a5 23. h3 Qf7 24. c4 Qe8 25. Qa3 a4 26. Ne1 Qh5 27. f3 Ng3 28. Qe3
f4 29. Qf2 a3 30. Nd3 Nxd3 31. Bxd3 Qf7 32. Kh2 Qc7 33. Qc2 g6 34. Qa4 Qc5 35.
Qd7 Rb2 36. Rxb2 axb2 37. Qb7 Nf5 38. Rb1 Rc7 39. Qb8+ Kg7 40. Rxb2 Ne3 41. Qd8
Rf7 42. Rb8 Qc7 43. Qg8+ Kh6 44. Rc8 Qb7 45. Rb8 Qa7 46. Ra8 Qc7 47. Qd8 Qb7 48.
Rb8 Qa7 0-1

[Event "TCh-CHN Division A 2014"]
[Site "Taizhou CHN"]
[Date "2014.11.14"]
[Round "16.2"]
[Board "1"]
[White "Bu, Xiangzhi"]
[Black "Yang, Kaiqi"]
[Result "1-0"]
[WhiteTitle "GM"]
[BlackTitle "IM"]
[WhiteElo "2707"]
[BlackElo "2351"]
[WhiteTeam "Shandong"]
[BlackTeam "Hebei"]
[WhiteFideId "8601445"]
[BlackFideId "8604398"]
[EventDate "2014.04.12"]

1. Nf3 Nf6 2. c4 e6 3. g3 d5 4. Bg2 Be7 5. O-O O-O 6. d4 dxc4 7. Qc2 b5 8. a4 b4
9. Nfd2 c6 10. Nxc4 Qxd4 11. Rd1 Qc5 12. Be3 Qh5 13. Nbd2 e5 14. Ne4 Ng4 15. h4
Bf5 16. f3 Nxe3 17. Nxe3 Be6 18. Rd3 Qg6 19. Rad1 a5 20. Kh2 f5 21. Nc5 f4 22.
gxf4 Rxf4 23. Ng4 h5 24. Rd8+ Kh7 25. Rh8+ Kxh8 26. Qxg6 1-0

[Event "TCh-CHN Division A 2014"]
[Site "Taizhou CHN"]
[Date "2014.11.14"]
[Round "16.2"]
[Board "2"]
[White "Zhao, Jun"]
[Black "Wan, Yunguo"]
[Result "1-0"]
[WhiteTitle "GM"]
[BlackTitle "IM"]
[WhiteElo "2578"]
[BlackElo "2493"]
[WhiteTeam "Shandong"]
[BlackTeam "Hebei"]
[WhiteFideId "8602522"]
[BlackFideId "8603189"]
[EventDate "2014.04.12"]

1. c4 Nf6 2. Nc3 d5 3. cxd5 Nxd5 4. Qb3 Nb6 5. Nf3 c5 6. e3 Nc6 7. Bb5 Bd7 8.
Bxc6 Bxc6 9. Ne5 e6 10. Nxc6 bxc6 11. Qc2 c4 12. b3 Qd7 13. Ne4 cxb3 14. axb3
Be7 15. Ba3 O-O 16. O-O Rfc8 17. Bxe7 Qxe7 18. Ra5 Rc7 19. d4 h6 20. Rfa1 Nd5
21. Nc5 Rac8 22. h3 Nf6 23. Nd3 Nd5 24. Rc5 f6 25. Rc1 Qd6 26. b4 Rb8 27. Rxc6
Qxc6 28. Qxc6 Rxc6 29. Rxc6 Kf7 30. Ra6 Rb7 31. Nc5 Nxb4 32. Ra4 Rb6 33. Rxa7+
Kg8 34. g4 Rc6 35. Re7 e5 36. Ne6 g5 37. dxe5 fxe5 38. Rg7+ Kh8 39. Rg6 e4 40.
Rxh6+ Kg8 41. Rf6 Nd3 42. Rf8+ 1-0

[Event "TCh-CHN Division A 2014"]
[Site "Taizhou CHN"]
[Date "2014.11.14"]
[Round "16.2"]
[Board "3"]
[White "Wen, Yang"]
[Black "Wang, Rui"]
[Result "1/2-1/2"]
[WhiteTitle "GM"]
[BlackTitle "GM"]
[WhiteElo "2586"]
[BlackElo "2394"]
[WhiteTeam "Shandong"]
[BlackTeam "Hebei"]
[WhiteFideId "8602956"]
[BlackFideId "8601003"]
[EventDate "2014.04.12"]

1. Nf3 d5 2. g3 c5 3. Bg2 Nc6 4. d4 Nf6 5. O-O cxd4 6. Nxd4 Bd7 7. c4 e5 8. Nxc6
Bxc6 9. cxd5 Nxd5 10. Qb3 Nb6 11. Rd1 Qc7 12. Bxc6+ bxc6 13. Bd2 Be7 14. Ba5 O-O
15. Nd2 Rab8 16. Rac1 Rfc8 17. Qf3 Qb7 18. Qf5 Re8 19. Bxb6 axb6 20. Ne4 Qc8 21.
Qxe5 Ba3 22. Qf4 Be7 23. Nd6 Bxd6 24. Rxd6 c5 25. e3 h6 26. Rcd1 Rb7 27. a4 Qb8
28. b3 Qc8 29. h4 b5 30. axb5 Rxb5 31. Rd7 Rf8 32. Qc4 Rb4 33. Qc3 Qb8 34. R1d3
Qb6 35. R7d6 Qc7 36. R6d5 Rb5 37. Qc4 Qb6 38. Rd6 Qb8 39. Qd5 Qa7 40. Rc6 Rfb8
41. Rd6 Qb7 42. Qf5 Rf8 43. Rd7 Qb6 44. Qd5 Ra5 45. e4 Ra1+ 46. Kh2 Qa5 47. Rf3
Qe1 48. Kh3 h5 49. Qxh5 Qxe4 50. Qd5 Qg6 51. Rf5 Rd1 52. Qxd1 Qxf5+ 53. Kg2 c4
54. bxc4 Qe4+ 55. Kh2 Qxc4 56. Rd8 Rxd8 57. Qxd8+ Kh7 58. Qd2 Qe6 59. Qd3+ Kg8
60. Kg2 Qc6+ 61. Qf3 Qc4 62. Qb7 Qc2 63. Qd5 Qb2 64. g4 Qb4 65. Kg3 Qc3+ 66. Qf3
Qe5+ 67. Qf4 Qc3+ 68. Kh2 Qe1 69. h5 Qd1 70. Qe4 Qd6+ 71. Kh3 Qf6 72. f4 Qd8 73.
g5 Qd7+ 74. Kh4 Qd8 75. Kg3 Qc8 76. Qd5 Qc3+ 77. Kg4 Qc8+ 78. Kh4 Qc7 79. Qa8+
Kh7 80. Qe4+ g6 81. h6 Qc5 82. Kh3 Qf2 83. Kg4 Qg1+ 84. Kf3 Qh1+ 85. Ke3 Qe1+
86. Kd3 Qb1+ 87. Kd4 Qb4+ 88. Ke3 Qe1+ 1/2-1/2

[Event "TCh-CHN Division A 2014"]
[Site "Taizhou CHN"]
[Date "2014.11.14"]
[Round "16.2"]
[Board "4"]
[White "Zhai, Mo"]
[Black "Xiao, Yiyi"]
[Result "1/2-1/2"]
[WhiteTitle "WIM"]
[BlackTitle "WFM"]
[WhiteElo "2325"]
[BlackElo "2248"]
[WhiteTeam "Hebei"]
[BlackTeam "Shandong"]
[WhiteFideId "8600201"]
[BlackFideId "8606161"]
[EventDate "2014.04.12"]

1. d4 Nf6 2. c4 e6 3. Nc3 Bb4 4. Qc2 d5 5. a3 Bxc3+ 6. Qxc3 Ne4 7. Qc2 c5 8.
dxc5 Nc6 9. e3 Qa5+ 10. Bd2 Nxd2 11. Qxd2 dxc4 12. Qxa5 Nxa5 13. Rc1 b5 14. cxb6
Bb7 15. bxa7 Ke7 16. Ne2 Rxa7 17. Nc3 Bc6 18. Na2 Ba4 19. Be2 Bb3 20. Nc3 Rd7
21. Bd1 Rhd8 22. Bxb3 Nxb3 23. Rc2 Rd2 24. Rxd2 Rxd2 25. Na4 Rc2 26. O-O Nc1 27.
Rd1 Nd3 28. f3 Nxb2 29. Nxb2 Rxb2 30. Rc1 Ra2 1/2-1/2

[Event "TCh-CHN Division A 2014"]
[Site "Taizhou CHN"]
[Date "2014.11.14"]
[Round "16.2"]
[Board "5"]
[White "Wang, Doudou"]
[Black "Xu, Huahua"]
[Result "1/2-1/2"]
[WhiteTitle "WIM"]
[BlackTitle "WIM"]
[WhiteElo "2215"]
[BlackElo "2106"]
[WhiteTeam "Hebei"]
[BlackTeam "Shandong"]
[WhiteFideId "8603197"]
[BlackFideId "8604096"]
[EventDate "2014.04.12"]

1. Nf3 Nf6 2. c4 c5 3. Nc3 Nc6 4. g3 g6 5. Bg2 Bg7 6. d4 cxd4 7. Nxd4 O-O 8. O-O
Nxd4 9. Qxd4 d6 10. Qd3 a6 11. Bg5 Rb8 12. Rac1 Be6 13. b3 Qa5 14. Qd2 Rfc8 15.
e4 b5 16. Nd5 Qxd2 17. Bxd2 Nxd5 18. cxd5 Bd7 19. Rxc8+ Rxc8 20. Rc1 Rxc1+ 21.
Bxc1 Bd4 22. Bd2 f5 23. Kf1 fxe4 24. Bxe4 Kf7 25. Ke2 Bg4+ 26. f3 Bh3 27. Kd3
Bg1 28. Ke2 Bd4 29. Kd3 Bg1 30. Ke2 Bd4 31. Kd3 1/2-1/2

[Event "TCh-CHN Division A 2014"]
[Site "Taizhou CHN"]
[Date "2014.11.14"]
[Round "16.3"]
[Board "1"]
[White "Xu, Zhihang"]
[Black "Wang, Chen"]
[Result "0-1"]
[BlackTitle "IM"]
[WhiteElo "2119"]
[BlackElo "2508"]
[WhiteTeam "Qingdao Experimental School"]
[BlackTeam "Chongqing"]
[WhiteFideId "8611572"]
[BlackFideId "8601020"]
[EventDate "2014.04.12"]

1. Nf3 d5 2. d4 Nf6 3. c4 e6 4. Nc3 g6 5. g3 Bg7 6. Bg2 O-O 7. O-O Nc6 8. Ne5
Ne7 9. Qd3 Nf5 10. Rd1 c6 11. b3 Nd7 12. Nf3 b6 13. e4 dxe4 14. Qxe4 Bb7 15. Bg5
Qc8 16. Qc2 c5 17. dxc5 Nxc5 18. Rac1 h6 19. Bf4 e5 20. Be3 Nxe3 21. fxe3 e4 22.
Ne1 f5 23. b4 Nd7 24. Nd5 Bxd5 25. cxd5 Qxc2 26. Rxc2 Rac8 27. Rdc1 Rxc2 28.
Rxc2 Nf6 29. Bf1 Rd8 30. Bc4 Kh7 31. Rd2 Rc8 32. Be2 Rd8 33. Kf2 Rxd5 34. Rxd5
Nxd5 35. Nc2 Bc3 36. a3 Kg7 37. Bc4 Ne7 38. h3 Nc6 39. g4 Ne5 40. Be2 Nd3+ 41.
Kg1 Kf6 42. gxf5 gxf5 43. h4 Ke5 44. Kf1 Ke6 45. Bd1 Bf6 46. h5 Bc3 47. b5 Kd5
48. a4 Nb2 49. Be2 Nxa4 50. Na3 Nb2 0-1

[Event "TCh-CHN Division A 2014"]
[Site "Taizhou CHN"]
[Date "2014.11.14"]
[Round "16.3"]
[Board "2"]
[White "Ma, Zhonghan"]
[Black "Motylev, Alexander"]
[Result "1/2-1/2"]
[BlackTitle "GM"]
[WhiteElo "2471"]
[BlackElo "2680"]
[WhiteTeam "Qingdao Experimental School"]
[BlackTeam "Chongqing"]
[WhiteFideId "8607206"]
[BlackFideId "4121830"]
[EventDate "2014.04.12"]

1. d4 d5 2. c4 c6 3. Nf3 Nf6 4. e3 e6 5. Nbd2 c5 6. cxd5 exd5 7. b3 Nc6 8. Bb2
Bf5 9. Bb5 Qb6 10. Bxc6+ bxc6 11. O-O Be7 12. dxc5 Qxc5 13. Nd4 Bd7 14. Rc1 Qb6
15. Qc2 c5 16. Nf5 Bxf5 17. Qxf5 Qe6 18. Qd3 O-O 19. Bxf6 Qxf6 20. e4 Qg6 21.
Qc2 Rfd8 22. exd5 Qxc2 23. Rxc2 Rxd5 24. Nc4 Rad8 25. g3 h5 26. Re1 Bf6 27. Kg2
h4 28. Rce2 Kf8 29. Re4 Rd4 30. Kh3 g6 31. Kg2 R4d5 32. Ne5 Rd2 33. R4e2 R2d5
34. Nf3 g5 35. gxh4 gxh4 36. Re4 Rf5 1/2-1/2

[Event "TCh-CHN Division A 2014"]
[Site "Taizhou CHN"]
[Date "2014.11.14"]
[Round "16.3"]
[Board "3"]
[White "Mu, Ke"]
[Black "Zhou, Weiqi"]
[Result "0-1"]
[BlackTitle "GM"]
[WhiteElo "2413"]
[BlackElo "2614"]
[WhiteTeam "Qingdao Experimental School"]
[BlackTeam "Chongqing"]
[WhiteFideId "8602778"]
[BlackFideId "8601674"]
[EventDate "2014.04.12"]

1. d4 Nf6 2. c4 e6 3. Nc3 c5 4. d5 exd5 5. cxd5 d6 6. e4 g6 7. Bd3 Bg7 8. h3 a6
9. a4 O-O 10. Nf3 Nbd7 11. O-O Re8 12. Re1 Nh5 13. Bg5 Bf6 14. Bh6 Ne5 15. Be2
Bg7 16. Bxg7 Kxg7 17. Nxe5 Rxe5 18. Bxh5 Rxh5 19. Ne2 Re5 20. Ng3 Qg5 21. Qc1
Qxc1 22. Raxc1 Bd7 23. f4 Re7 24. a5 Rae8 25. Kf2 h5 26. h4 f6 27. Rc3 Kh6 28.
Rce3 Bg4 29. Nf1 b5 30. axb6 Rb8 31. Nd2 Rxb6 32. b3 a5 33. Nc4 Ra6 34. Ra1 Rea7
35. e5 dxe5 36. fxe5 fxe5 37. Rxe5 Rb7 38. Ra3 a4 39. Rxa4 Rf6+ 40. Kg1 Rxb3 41.
Ne3 Be2 42. Ra2 Bd3 43. Ra7 Rb4 44. Re8 0-1

[Event "TCh-CHN Division A 2014"]
[Site "Taizhou CHN"]
[Date "2014.11.14"]
[Round "16.3"]
[Board "4"]
[White "Huang, Qian"]
[Black "Gong, Qianyun"]
[Result "1-0"]
[WhiteTitle "WGM"]
[BlackTitle "WIM"]
[WhiteElo "2464"]
[BlackElo "2349"]
[WhiteTeam "Chongqing"]
[BlackTeam "Qingdao Experimental School"]
[WhiteFideId "8602689"]
[BlackFideId "8602425"]
[EventDate "2014.04.12"]

1. Nf3 Nf6 2. c4 e6 3. g3 b6 4. Bg2 Bb7 5. O-O Be7 6. d4 O-O 7. Nc3 Ne4 8. Qc2
Nxc3 9. Qxc3 c5 10. Rd1 Bf6 11. Qc2 Na6 12. Ng5 Bxg5 13. Bxb7 Nb4 14. Qa4 Rb8
15. Bf3 Bxc1 16. Raxc1 Qf6 17. Qxa7 cxd4 18. a3 Nc6 19. Qxd7 Na5 20. Qb5 e5 21.
b4 Nb7 22. Bxb7 Rxb7 23. c5 Rfb8 24. c6 Rc7 25. Qd5 Rd8 26. Qe4 g6 27. b5 Qd6
28. a4 Ra8 29. Ra1 Rca7 30. Qc2 Qd5 31. Rdc1 Rc8 32. Qc4 Qd8 33. Rd1 Qe7 34. a5 1-0

[Event "TCh-CHN Division A 2014"]
[Site "Taizhou CHN"]
[Date "2014.11.14"]
[Round "16.3"]
[Board "5"]
[White "Tan, Zhongyi"]
[Black "Wang, Xinyue"]
[Result "1-0"]
[WhiteTitle "WGM"]
[WhiteElo "2465"]
[BlackElo "2139"]
[WhiteTeam "Chongqing"]
[BlackTeam "Qingdao Experimental School"]
[WhiteFideId "8603642"]
[BlackFideId "8603960"]
[EventDate "2014.04.12"]

1. d4 d5 2. c4 c6 3. Nf3 Nf6 4. Nc3 e6 5. Bg5 dxc4 6. e4 b5 7. e5 h6 8. Bh4 g5
9. Nxg5 hxg5 10. Bxg5 Nbd7 11. exf6 Bb7 12. g3 c5 13. d5 Bh6 14. Bxh6 Rxh6 15.
Bg2 Qb6 16. Qd2 Rxf6 17. b3 Ne5 18. O-O cxb3 19. Qe2 b2 20. Qxb2 O-O-O 21. Qe2
Nc4 22. a4 exd5 23. axb5 Qe6 24. Qa2 Kc7 25. Nxd5+ Rxd5 26. Qxc4 Rxf2 27. Bxd5
Rxf1+ 28. Rxf1 Bxd5 29. Qxc5+ Kb7 30. Rc1 1-0

[Event "TCh-CHN Division A 2014"]
[Site "Taizhou CHN"]
[Date "2014.11.14"]
[Round "16.4"]
[Board "1"]
[White "Naiditsch, Arkadij"]
[Black "Ni, Hua"]
[Result "0-1"]
[WhiteTitle "GM"]
[BlackTitle "GM"]
[WhiteElo "2719"]
[BlackElo "2677"]
[WhiteTeam "Jiangsu"]
[BlackTeam "Shanghai"]
[WhiteFideId "4650891"]
[BlackFideId "8601160"]
[EventDate "2014.04.12"]

1. e4 c5 2. Nf3 e6 3. d4 cxd4 4. Nxd4 Nc6 5. Nc3 Qc7 6. f4 a6 7. Nxc6 bxc6 8.
Bd3 d5 9. O-O Nf6 10. Qf3 Be7 11. Kh1 O-O 12. e5 Nd7 13. Na4 c5 14. c4 d4 15.
Bd2 Bb7 16. Qh3 g6 17. Rae1 Rfe8 18. b3 Bf8 19. Nb2 f5 20. exf6 Nxf6 21. Re5 Kg7
22. Na4 Bd6 23. Re2 Bc6 24. Kg1 Rf8 25. Rxe6 Bd7 26. f5 Bxe6 27. Bh6+ Kg8 28.
Bxf8 Rxf8 29. fxe6 Kg7 30. g3 Re8 31. Rf2 Be5 32. Re2 Qd6 33. b4 cxb4 34. c5 Qd5
35. Qg2 Rxe6 36. c6 Qa5 37. Nb2 Qc7 38. Nc4 Re7 39. h3 Bd6 40. Rxe7+ Bxe7 41. g4
a5 42. Qf3 a4 43. Nd2 b3 44. axb3 a3 45. Bb1 Bb4 46. Nc4 d3 47. g5 Nh5 48. Qxd3
Bc5+ 49. Kf1 Qxc6 50. Qc3+ Kg8 51. Qe5 Qf3+ 52. Ke1 Bb4+ 53. Nd2 Qg3+ 54. Qxg3
Nxg3 55. Kd1 Kf7 56. Nc4 Ke6 57. Ne3 Be7 58. h4 Ke5 59. Ng4+ Kd4 60. Kc2 Nf5 61.
b4 Nxh4 62. Nf6 h5 63. Kb3 Ke5 64. b5 Nf5 65. b6 h4 66. b7 Bd6 67. Nd7+ Kf4 68.
b8=Q Bxb8 69. Nxb8 h3 0-1

[Event "TCh-CHN Division A 2014"]
[Site "Taizhou CHN"]
[Date "2014.11.14"]
[Round "16.4"]
[Board "2"]
[White "Yu, Ruiyuan"]
[Black "Lou, Yiping"]
[Result "1-0"]
[WhiteTitle "GM"]
[BlackTitle "IM"]
[WhiteElo "2552"]
[BlackElo "2461"]
[WhiteTeam "Jiangsu"]
[BlackTeam "Shanghai"]
[WhiteFideId "8603090"]
[BlackFideId "8603928"]
[EventDate "2014.04.12"]

1. e4 e6 2. d4 d5 3. Nd2 c5 4. exd5 Qxd5 5. dxc5 Nf6 6. Ngf3 Qxc5 7. Bd3 Nbd7 8.
O-O Qc7 9. Re1 Be7 10. Ne4 Nxe4 11. Rxe4 Nc5 12. Rc4 b5 13. Rg4 Nxd3 14. Qxd3
Ba6 15. Be3 Bf6 16. Bd4 h5 17. Re4 Qd7 18. Rf4 Bb7 19. Qe3 Rh6 20. Bxf6 Rxf6 21.
Rd4 Qc6 22. Ne1 Rf5 23. Rad1 Qb6 24. Qg3 Kf8 25. c3 Kg8 26. Nc2 Qc5 27. Ne3 Rg5
28. Qf4 Rf8 29. Rd8 Re5 30. Rxf8+ 1-0

[Event "TCh-CHN Division A 2014"]
[Site "Taizhou CHN"]
[Date "2014.11.14"]
[Round "16.4"]
[Board "4"]
[White "Ju, Wenjun"]
[Black "Shen, Yang"]
[Result "1-0"]
[WhiteTitle "WGM"]
[BlackTitle "IM"]
[WhiteElo "2582"]
[BlackElo "2475"]
[WhiteTeam "Shanghai"]
[BlackTeam "Jiangsu"]
[WhiteFideId "8603006"]
[BlackFideId "8603162"]
[EventDate "2014.04.12"]

1. Nf3 d5 2. g3 Nc6 3. Bg2 e5 4. d3 Nf6 5. O-O Be7 6. Nbd2 O-O 7. e4 Re8 8. c3
a5 9. Qc2 h6 10. Re1 dxe4 11. dxe4 Be6 12. Nf1 Qd7 13. Rd1 Qc8 14. Ne3 Rd8 15.
Nh4 Rxd1+ 16. Qxd1 Bc5 17. Nhf5 Qd8 18. Qf3 Bf8 19. g4 g6 20. Ng3 Nh7 21. Nd5
Ne7 22. Be3 c6 23. Nb6 Rb8 24. Rd1 Qc7 25. b3 Rd8 26. h3 Nc8 27. Na4 b6 28. Qe2
Rd7 29. Rd2 Qd8 30. Rxd7 Bxd7 31. Qd2 Ng5 32. Nxb6 Nxb6 33. Bxb6 Qxb6 34. Qxd7
Qc5 35. Qd2 Kg7 36. Nf1 Ne6 37. Ne3 Nf4 38. Bf1 Be7 39. Nc4 a4 40. b4 Qb5 41.
Qd7 Kf8 42. Nd6 Qb8 43. Nc8 Bg5 44. Bc4 Ne6 45. Bxe6 fxe6 46. Qxc6 a3 47. b5 1-0

[Event "TCh-CHN Division A 2014"]
[Site "Taizhou CHN"]
[Date "2014.11.14"]
[Round "16.4"]
[Board "5"]
[White "Zhang, Xiaowen"]
[Black "Guo, Qi"]
[Result "0-1"]
[WhiteTitle "WGM"]
[BlackTitle "WGM"]
[WhiteElo "2355"]
[BlackElo "2458"]
[WhiteTeam "Shanghai"]
[BlackTeam "Jiangsu"]
[WhiteFideId "8603219"]
[BlackFideId "8604002"]
[EventDate "2014.04.12"]

1. e4 c6 2. d4 d5 3. Nc3 dxe4 4. Nxe4 Nd7 5. Nf3 Ngf6 6. Ng3 e6 7. Bd3 c5 8. O-O
cxd4 9. Nxd4 Bc5 10. Nb3 Be7 11. Qe2 O-O 12. Rd1 Qc7 13. a4 b6 14. a5 Bb7 15. a6
Bd5 16. c4 Bc6 17. Nd4 Bc5 18. Nxc6 Qxc6 19. b3 Rad8 20. Bb2 Be7 21. Bc2 Rfe8
22. b4 Qc8 23. Ba4 Rf8 24. Nf5 exf5 25. Qxe7 Rde8 26. Bxf6 Rxe7 27. Bxe7 Nf6 28.
Bxf8 Kxf8 29. Bb5 Qc7 30. h3 g5 31. Rd3 Qe7 32. Rb1 g4 33. Bc6 Qe6 34. Bd5 Qe2
35. Rbd1 Qe7 36. c5 bxc5 37. b5 Qc7 38. Bc6 Kg7 39. h4 f4 40. Rc3 g3 41. fxg3
fxg3 42. Rdd3 Nh5 43. Rd5 Qf4 44. Rf3 Qxh4 45. b6 Nf4 46. Rg5+ Qxg5 47. bxa7
Ne2+ 48. Kf1 Nd4 49. Rxg3 Qxg3 50. a8=Q Qd3+ 51. Kg1 Qe3+ 52. Kf1 Qe2+ 53. Kg1
Qe1+ 54. Kh2 Ne2 55. Bd7 Qh4+ 56. Bh3 Qg3+ 57. Kh1 Qe1+ 58. Kh2 Qg1# 0-1

[Event "TCh-CHN Division A 2014"]
[Site "Taizhou CHN"]
[Date "2014.11.14"]
[Round "16.5"]
[Board "1"]
[White "Li, Shilong"]
[Black "Fang, Yuxiang"]
[Result "1-0"]
[WhiteTitle "GM"]
[WhiteElo "2495"]
[BlackElo "2324"]
[WhiteTeam "Guangdong"]
[BlackTeam "Qingdao Qingwei"]
[WhiteFideId "8600678"]
[BlackFideId "8605840"]
[EventDate "2014.04.12"]

1. d4 d5 2. c4 c6 3. Nf3 Nf6 4. Nc3 dxc4 5. a4 Bf5 6. Ne5 e6 7. g3 Bb4 8. Bg2
Ne4 9. Bxe4 Bxe4 10. O-O Bg6 11. Nxc4 O-O 12. Bf4 a5 13. f3 Nd7 14. e4 Nb6 15.
Ne5 Qe7 16. Qb3 Rac8 17. Na2 Nd7 18. Nxb4 Nxe5 19. Na2 Nd7 20. Qxb7 c5 21. Rad1
cxd4 22. Be5 f5 23. Rxd4 Qc5 24. Qxd7 Qxe5 25. Nc3 fxe4 26. f4 Qb8 27. Qb5 Qa7
28. Qe5 Qb6 29. Rf2 Rc5 30. Rd6 Qb4 31. Qxe6+ Bf7 32. Qe7 Rcc8 33. Rd7 Rce8 34.
Qxb4 axb4 35. Nd5 b3 36. Ne3 Rc8 37. Rfd2 h6 38. Kf2 Rc5 39. Re7 Re8 40. Rxe8+
Bxe8 41. Rd4 Rc1 42. Rd1 Rc5 43. Ra1 Ra5 44. Nc4 Rc5 45. Ne3 Ra5 46. Nd1 g5 47.
Nc3 gxf4 48. gxf4 Bc6 49. Ra3 Rh5 50. Kg3 Bd7 51. h4 e3 52. a5 Rc5 53. a6 e2 54.
Kf2 Rc4 55. Nxe2 Rc2 56. a7 1-0

[Event "TCh-CHN Division A 2014"]
[Site "Taizhou CHN"]
[Date "2014.11.14"]
[Round "16.5"]
[Board "2"]
[White "Zeng, Chongsheng"]
[Black "Zhou, Jiangnan"]
[Result "1-0"]
[WhiteTitle "GM"]
[WhiteElo "2540"]
[BlackElo "2100"]
[WhiteTeam "Guangdong"]
[BlackTeam "Qingdao Qingwei"]
[WhiteFideId "8603847"]
[BlackFideId "8609918"]
[EventDate "2014.04.12"]

1. d4 Nf6 2. c4 g6 3. Nc3 Bg7 4. e4 d6 5. Bd3 c5 6. d5 O-O 7. Nge2 e6 8. O-O
exd5 9. exd5 Nbd7 10. Bg5 h6 11. Bh4 Ne5 12. f4 Nxd3 13. Qxd3 Bf5 14. Qd2 Qd7
15. Ng3 Rfe8 16. h3 h5 17. a4 Ne4 18. Ncxe4 Bxe4 19. f5 Re5 20. f6 Bf8 21. Bg5
Bd3 22. Bh6 Bxf1 23. Bxf8 g5 24. Re1 Kxf8 25. Rxe5 dxe5 26. Qxg5 Qd8 27. Qg7+
Ke8 28. Qg8+ Kd7 29. Qxf7+ Kc8 30. Kxf1 h4 31. Ne4 b6 32. Qe6+ Kb7 33. Qc6+ Kb8
34. Nd6 1-0

[Event "TCh-CHN Division A 2014"]
[Site "Taizhou CHN"]
[Date "2014.11.14"]
[Round "16.5"]
[Board "3"]
[White "Xu, Yinglun"]
[Black "Li, Wenxiang"]
[Result "1/2-1/2"]
[WhiteElo "2410"]
[BlackElo "1846"]
[WhiteTeam "Guangdong"]
[BlackTeam "Qingdao Qingwei"]
[WhiteFideId "8604940"]
[BlackFideId "8609748"]
[EventDate "2014.04.12"]

1. d4 d5 2. c4 c6 3. e3 Nf6 4. Qc2 g6 5. Bd3 Bg7 6. Nf3 O-O 7. O-O b6 8. Nc3 Bb7
9. Re1 Nbd7 10. e4 dxe4 11. Nxe4 Qc7 12. Nxf6+ Nxf6 13. Bg5 Rad8 14. Rad1 Rd7
15. Qc1 Rfd8 16. Bc2 Ne8 17. b3 Bf6 18. Bf4 Qc8 19. Qe3 Ng7 20. Bg5 Ne6 21. Bxf6
exf6 22. b4 Qc7 23. c5 Ba6 24. Bb3 Nf4 25. g3 Nd5 26. Qd2 Kg7 27. a3 Bc8 28. Qc2
b5 29. Kg2 Re7 30. Rxe7 Qxe7 31. Re1 Qc7 32. Qd2 Be6 33. Bc2 Qd7 34. Be4 a6 35.
Ng1 Ne7 36. Ne2 Bc4 37. Bd3 Qd5+ 38. Kg1 Nf5 39. Bxc4 Qxc4 40. Rc1 Qb3 41. Rc3
Qb1+ 42. Rc1 Qb3 43. Rc3 Qb1+ 44. Rc1 Qb3 1/2-1/2

[Event "TCh-CHN Division A 2014"]
[Site "Taizhou CHN"]
[Date "2014.11.14"]
[Round "16.5"]
[Board "4"]
[White "Yang, Yingxia"]
[Black "Munguntuul, Batkhuyag"]
[Result "0-1"]
[BlackTitle "IM"]
[WhiteElo "1827"]
[BlackElo "2438"]
[WhiteTeam "Qingdao Qingwei"]
[BlackTeam "Guangdong"]
[WhiteFideId "8609837"]
[BlackFideId "4900758"]
[EventDate "2014.04.12"]

1. d4 Nf6 2. c4 c5 3. e3 g6 4. Nc3 Bg7 5. Nf3 O-O 6. Be2 cxd4 7. Nxd4 d5 8. cxd5
Nxd5 9. Nxd5 Qxd5 10. Bf3 Qc5 11. Nb3 Qb6 12. O-O Nc6 13. Bxc6 bxc6 14. Qc2 a5
15. Nc5 Rd8 16. Rb1 Rd5 17. Na4 Qd8 18. e4 Rd6 19. Nc5 Bd4 20. Bf4 e5 21. Be3
Rb8 22. b3 Rb5 23. Bxd4 Rxd4 24. Na4 Rbb4 25. Rfd1 Bg4 26. f3 Bc8 27. Nb2 Ba6
28. a3 Rxd1+ 29. Nxd1 Bd3 30. Qc1 Rd4 31. Ra1 Qb6 32. Nf2 Ba6 33. Rb1 Bc8 34. h3
Be6 35. Qc2 c5 36. Kh2 Qd6 37. Qc3 Rd2 38. Ng4 Qd4 39. Qxa5 Kg7 40. Qc7 Bxg4 41.
hxg4 h6 42. a4 Ra2 43. a5 Kg8 44. a6 Qf2 45. Qd8+ Kg7 46. Rg1 Qxf3 47. a7 Qf4+
48. Kh3 Rxa7 49. Qd3 Ra2 50. Rf1 Rf2 51. Rxf2 Qxf2 52. Qc3 Qd4 53. Qf3 Qd2 54.
Qg3 Kf6 55. Qh4+ Ke6 56. Qg3 Qd4 57. Qf3 Ke7 58. Kh2 Qd2 59. Kh3 Ke6 60. Qg3 Qe2
61. Qc3 Qxe4 62. Qxc5 Qd3+ 63. Kh2 Qxb3 64. Qc6+ Ke7 65. Qc7+ Kf6 66. Qd6+ Qe6
67. Qd1 e4 68. Qe2 Qe5+ 69. g3 Qd4 70. Kg2 e3 71. Qf3+ Kg7 72. Kf1 Qd3+ 73. Ke1
Qd2+ 74. Kf1 e2+ 0-1